Kontrastive Linguistik - Stand und Aufgaben

Salvato in:
Dettagli Bibliografici
Autore principale: Adamcová, Lívia
Natura: Capitolo di libro
Lingua:tedesco
Soggetti:
Tags: Aggiungi Tag
Nessun Tag, puoi essere il primo ad aggiungerne!!

MARC

LEADER 00000naa$a2200000$$$4500
001 0204651
005 20240502083514.2
041 0 |a ger 
044 |a DE 
245 1 0 |a Kontrastive Linguistik - Stand und Aufgaben  |c Lívia Adamcová 
610 2 0 |a jazyky cudzie 
610 2 0 |a nemčina 
610 2 0 |a fonetika 
610 2 0 |a výslovnosť 
610 2 0 |a jazykoveda 
100 1 |a Adamcová, Lívia